000 00731nam a2200265 i 4500
001 C2-0288880
003 PPAK
005 20180728021829.0
008 080625s2008 my a|||| ||||| | may d
020 _a9789673220335
040 _aPPAK
_beng
_cPPAK
_erda
082 0 4 _a297.18
_223
090 0 0 _a297.18
_bAHM
_dK
100 0 _aAhmad Bahjat,
_eauthor
245 1 0 _aKisah-kisah haiwan dalam Al-Quran
264 1 _aKuala Lumpur :
_bSynergy Media ,
_c[2008]
300 _a137 pages :
_billustrations ;
_c27 cm
336 _2rdacontent
_atext
337 _2rdamedia
_aunmediated
338 _2rdacarrier
_avolume
490 1 _aSiri nur Islam
650 1 0 _aIslamic stories, Malay
830 0 _aSiri nur Islam
942 _ddc
_cB
999 _c94396
_d94396